| 000 | 00669nam a22002177a 4500 | ||
|---|---|---|---|
| 003 | PILC | ||
| 005 | 20150528160232.0 | ||
| 008 | 150528b xxu||||| |||| 00| 0 eng d | ||
| 020 | _a1292023368 | ||
| 020 | _a9781292023366 | ||
| 050 |
_aHF 5718 _b.B783 2014 |
||
| 100 | _aBovee, Courtland. | ||
| 245 |
_aBusiness communication essentials : _ba skills-based approach / _cCourtlang Bovee, John Thill. |
||
| 250 | _a6th ed. | ||
| 260 |
_aEngland : _bPearson Education Limited, _c2014. |
||
| 300 |
_ai, 470 pages : _bcolor illustrations ; _c28 cm. |
||
| 500 | _aIncludes index. | ||
| 650 | _aBusiness communication. | ||
| 700 | _aThill, John. | ||
| 942 |
_2lcc _cBK _kFOR |
||
| 999 |
_c284497 _d284497 |
||